000 00776nam a2200253Ia 4500
003 OSt
005 20221006153733.0
006 a|||||r|||| 00| 0
007 ta
008 221006b |||||||| |||| 00| 0 eng d
020 _a067084716X
024 _a33,192
037 _bGift, Toshiba International Foundation
_cAnnuals, Advances
040 _aEASL
_cEASL
_beng
041 _2eng
_aeng
082 _aV42.e6.N5<-N3, N5
100 _aLECKIE Robert Au.
_9665203
245 0 _aOkinawa
_bThe last battle of world war II
260 _aPenguin
_bPenguin books
_c1995
300 _a220p.
_ccm.
490 _v JEL
942 _hV42.e6.N5<-N3, N5
_cREF
_2CC
999 _c1101278
_d1101278